000 00664nam a2200145 a 4500
001 000037984
005 20201002031139.0
008 130311s19uu dr 000 0 spa d
040 _aDO-SdBNP
_bspa
_cBNPHU
082 _axxxx
_bxxxx
110 1 _aRepública Dominicana
_bSecretaría de Estado de Tesoro y Credito Público
_bDirección General de Aduanas
_964394
245 1 0 _aCompilación de las decisiones de aforos arancelarios y la ley 854. /
_cSecretaría de Estado de Tesoro y Credito Público.
260 _aCiudad Trujillo, República Dominicana. :
_bSecretaría de Estado de Tesoro y Credito Público
_fImprenta Arte y Cine
_c[19uu].
300 _a251 p. ;
_c23 cm.
999 _c37474
_d37474